000 00472nam a2200169 i 4500
001 bg
100 1 _aDĄBKOWSKI, Ludwik
245 0 _aHydrauliczne podstawy projektów wodnomelioracyjnych /
_cLudwik Dąbkowski, Jan Skibinski, Armand Żbikowski.
260 _aWarszawa,
_c1982.
700 1 _aSKIBIŃSKI, Jan
700 1 _aŻBIKOWSKI, Armand
040 _cBPK
041 _apol
080 _a631.6:626:532
942 _cKS
008 s pl f |000 0 pol
999 _c20742
_d20742
856 _uhttp://koha.tu.koszalin.pl/cgi-bin/koha/opac-detail.pl?biblionumber=20742
_yKatalog online BPK